<?xml version="1.0" encoding="UTF-8"?>
<collection xmlns="http://www.loc.gov/MARC21/slim">
 <record>
  <leader>     na                 </leader>
  <controlfield tag="001">INLIS000000001504743</controlfield>
  <controlfield tag="005">20260426082435</controlfield>
  <datafield tag="035" ind1=" " ind2=" ">
   <subfield code="a">0010-0426000064</subfield>
  </datafield>
  <controlfield tag="007">ta</controlfield>
  <controlfield tag="008">260426                |          | |  </controlfield>
  <datafield tag="082" ind1=" " ind2=" ">
   <subfield code="a">L.310-25179</subfield>
  </datafield>
  <datafield tag="084" ind1=" " ind2=" ">
   <subfield code="a">L.310-25179 MUH p</subfield>
  </datafield>
  <datafield tag="100" ind1="0" ind2=" ">
   <subfield code="a">MUHAMMAD ILHAM ALI TUASIKAL</subfield>
   <subfield code="e">Pengarang</subfield>
  </datafield>
  <datafield tag="245" ind1="1" ind2=" ">
   <subfield code="a">PEMANFAATAN APLIKASI TIKTOK  SEBAGAI MEDIA BRANDING PEMASARAN KAMBING PE   DI MAHAJAYA 99 FARM KABUPATEN PROBOLINGGO  JAWA TIMUR /</subfield>
   <subfield code="c">Polbangtan Malang</subfield>
  </datafield>
  <datafield tag="300" ind1=" " ind2=" ">
   <subfield code="a">133 hlm</subfield>
  </datafield>
  <datafield tag="650" ind1=" " ind2="4">
   <subfield code="a">TikTok, Branding, Marketing, Kambing PE, Sosial Media.</subfield>
  </datafield>
  <datafield tag="520" ind1=" " ind2=" ">
   <subfield code="a">Unsur promosi memegang peranan yang sangat penting di dalam rangkaian &#13;
pemasaran barang. TikTok merupakan sosial media berupa jejaring sosial, tidak&#13;
berbayar dan memiliki banyak penggemar, TikTok juga menjadi wadah bagi para&#13;
pengusaha atau peternak dalam mempromosikan produknya melalui platform&#13;
TikTok. Pemanfaatan platform TikTok sebagai sarana pemasaran, analisis usaha,&#13;
serta implementasi business plan berdasarkan hasil rekomendasi penelitian&#13;
berperan penting dalam pengembangan usaha peternakan kambing PE di&#13;
Mahajaya 99 Farm. &#13;
Penelitian ini bertujuan untuk menganalisis pemanfaatan aplikasi TikTok&#13;
sebagai media Branding dalam pemasaran kambing PE di Mahajaya 99 Farm,&#13;
Kabupaten Probolinggo. Platform TikTok dipilih karena memiliki potensi besar&#13;
dalam menjangkau audiens secara luas melalui konten video pendek yang kreatif&#13;
dan menarik. Metode penelitian yang digunakan adalah deskriptif kuantitatif&#13;
dengan pengumpulan data melalui observasi, wawancara, dan dokumentasi.&#13;
Analisis dilakukan terhadap efektivitas konten, Engagement pengguna, serta&#13;
dampaknya terhadap peningkatan Omzet penjualan.  &#13;
Berdasarkan hasil penelitian, menunjukkan bahwa dari hasil analisis data&#13;
Insight akun TikTok Mahajaya Channel mengalami peningkatan pada tahun 2025&#13;
pada periode 2 bulan penelitian bulan januari dan februari yaitu mendapatkan 1,1&#13;
juta penayangan, 2.184 pengikut, 22,9 ribu suka dengan total 93 postingan video.&#13;
Hasil analisis kelayakan usaha Peternakan Mahajaya 99 Farm dapat dikatakan&#13;
layak, hasil dari BEP Produksi 79 ekor dengan penjualan di lapangan sebesar 147&#13;
ekor, BEP Harga Rp. 47.685/kg dengan harga jual di lapangan sebesar Rp.&#13;
75.000/kg. R/C Ratio 1,49, dan ROI 32,21%.</subfield>
  </datafield>
  <datafield tag="336" ind1=" " ind2=" ">
   <subfield code="2">rdacontent</subfield>
   <subfield code="a">Text</subfield>
  </datafield>
  <datafield tag="337" ind1=" " ind2=" ">
   <subfield code="2">rdamedia</subfield>
   <subfield code="a">Buku Tercetak</subfield>
  </datafield>
  <datafield tag="338" ind1=" " ind2=" ">
   <subfield code="2">rdacarrier</subfield>
   <subfield code="a">Hardcopy</subfield>
  </datafield>
  <datafield tag="856" ind1=" " ind2=" ">
   <subfield code="a">https://repository.polbangtanmalang.ac.id/xmlui/handle/123456789/2129</subfield>
  </datafield>
  <datafield tag="264" ind1=" " ind2=" ">
   <subfield code="a">Malang :</subfield>
   <subfield code="b">Polbangtan Malang,</subfield>
   <subfield code="c">2025</subfield>
  </datafield>
  <datafield tag="990" ind1=" " ind2=" ">
   <subfield code="a">L.310-25179</subfield>
  </datafield>
 </record>
</collection>
